000 00618cam a22002293a 4500
001 23992
003 PGUSA
005 20140828083519.0
008 071225s2007||||xxu|||||s|||||000 1 eng d
040 _aPGUSA
_beng
042 _adc
050 4 _aPZ
100 1 _aBurnett, Emma L.
245 1 2 _aA Missionary Twig
_h[electronic resource] /
_cEmma L. Burnett
260 _bProject Gutenberg,
_c2007
506 _aPublic domain in the USA.
516 _aElectronic text
653 _aMissionaries -- Fiction
830 0 _aProject Gutenberg
_v23992
856 4 0 _uhttp://www.gutenberg.org/ebooks/23992
942 _cEB
999 _c253247
_d253247